Managerial finance / (Record no. 345098)

000 -LEADER
fixed length control field 02172 a2200205 4500
020 ## - INTERNATIONAL STANDARD BOOK NUMBER
International Standard Book Number 0750618264
020 ## - INTERNATIONAL STANDARD BOOK NUMBER
International Standard Book Number 9780750618267
082 04 - DEWEY DECIMAL CLASSIFICATION NUMBER
Classification number 658.15
090 ## - LOCALLY ASSIGNED LC-TYPE CALL NUMBER (OCLC); LOCAL CALL NUMBER (RLIN)
-- 2605
-- 2605
100 1# - MAIN ENTRY--PERSONAL NAME
Personal name Parkinson, Alan.
245 10 - TITLE STATEMENT
Title Managerial finance /
Statement of responsibility, etc. Alan Parkinson.
250 ## - EDITION STATEMENT
Edition statement 1st ed.
260 ## - PUBLICATION, DISTRIBUTION, ETC.
Place of publication, distribution, etc. [S.l.] :
Name of publisher, distributor, etc. Butterworth-Heinemann,
Date of publication, distribution, etc. 1997.
300 ## - PHYSICAL DESCRIPTION
Extent 276 p. ;
Dimensions 24 cm.
500 ## - GENERAL NOTE
General note Paperback.
520 ## - SUMMARY, ETC.
Summary, etc. Managerial Finance provides a clear and readable explanation of the most important topics managers should understand about business finance. These include resource management, investment and decision making, as well as the practical use of financial rations and performance indicators. Real examples and case studies are used throughout to illustrate points in a practical context. The book is based upon the Management Charter Initiative's Occupational Standards for Management NVQs and SVQs at Levels 4 & 5 and is also particularly suitable for managers on Certificate and Diploma in Management programmes, including those accredited by the IM and Edexcel (formerly BTEC). Managerial Finance is part of the highly successful series of textbooks for managers which cover the knowledge and understanding required as part of any competency based management programme. The books cover the three main levels of management: supervisory/first-line management (NVQ level 3), middle management (Certificate/NVQ level 4) and senior management (Diploma/NVQ level 5). Alan Parkinson is the Hill Samuel Senior Lecturer in Accounting & Finance at the Open Business School. He was previously responsible as Director of the Open University MBA Programme for launching the highly successful MBA Course. Published in association with the Institute of Management Covers all the essential topics that any aspiring manager should know including resource management, Investment and Finance decision making. Extensive use of real examples and case studies.
856 40 - ELECTRONIC LOCATION AND ACCESS
Materials specified Amazon.com
Uniform Resource Identifier <a href="http://www.amazon.com/exec/obidos/ASIN/0750618264/chopaconline-20">http://www.amazon.com/exec/obidos/ASIN/0750618264/chopaconline-20</a>
856 40 - ELECTRONIC LOCATION AND ACCESS
Materials specified Amazon customer reviews
Uniform Resource Identifier <a href="http://www.chopac.org/cgi-bin/tools/azrev.pl?q=0750618264">http://www.chopac.org/cgi-bin/tools/azrev.pl?q=0750618264</a>
942 ## - ADDED ENTRY ELEMENTS (KOHA)
Institution code [OBSOLETE] NBS
Koha item type Book
Call number prefix 658.15 PAR
Holdings
Withdrawn status Lost status Damaged status Not for loan Permanent Location Current Location Date acquired Total Checkouts Full call number Barcode Date last seen Price effective from Koha item type
        Central Library (CL) Central Library (CL) 08/28/2013   658.15 PAR NBS18 08/28/2013 08/28/2013 Book
        Central Library (CL) Central Library (CL) 08/28/2013   658.15 PAR NBS16 08/28/2013 08/28/2013 Book
© 2023 Central Library, National University of Sciences and Technology. All Rights Reserved.